| 000 | 00648cam a22001691 4500 | ||
|---|---|---|---|
| 082 |
_a943 _bGAR |
||
| 100 | 1 |
_aGarbutt, Reginald. _950079 |
|
| 245 | 1 | 0 |
_aGermany: the truth, _cby Reginald Garbutt, who, for six years, was chief organiser of foreign propaganda and espionage under Himmler, chief of the Gestapo (Geheim [sic] staats polizei) |
| 260 |
_aLondon, _bRich and Cowan, ltd. _c[1939] |
||
| 300 |
_avii, 9-256 p. _c22 cm. |
||
| 526 |
_a0 _b0 _c0 _d943_000000000000000_GAR |
||
| 650 | 0 |
_aMCE _9379 |
|
| 650 | 0 |
_aNational socialism. _910335 |
|
| 650 | 0 |
_aPropaganda, German. _911547 |
|
| 650 | 0 |
_aSecret service _zGermany. _950080 |
|
| 942 |
_2ddc _cBK |
||
| 999 |
_c552833 _d552833 |
||